ბათუმის შოთა რუსთაველის სახელმწიფო უნივერსიტეტის ბიბლიოთეკა

Übersetzung und Linguistik: (ბიბ.ჩანაწერი № 61607)

000 -LEADER
fixed length control field 00612nam a22001937a 4500
005 - DATE AND TIME OF LATEST TRANSACTION
control field 20240329100940.0
008 - FIXED-LENGTH DATA ELEMENTS--GENERAL INFORMATION
fixed length control field 240329s2013 gw ||||| |||| 00| 0 ger d
020 ## - INTERNATIONAL STANDARD BOOK NUMBER
International Standard Book Number 9783823367932x
041 ## - LANGUAGE CODE
Language code of text/sound track or separate title eng
080 ## - UNIVERSAL DECIMAL CLASSIFICATION NUMBER
Universal Decimal Classification number 81'25 A-31
100 ## - MAIN ENTRY--PERSONAL NAME
Personal name Albrecht, Jörn
9 (RLIN) 21629
245 ## - TITLE STATEMENT
Title Übersetzung und Linguistik:
Remainder of title Grundlagen der Übersetzungsforschung II /
Statement of responsibility, etc. Jörn Albrecht.
250 ## - EDITION STATEMENT
Edition statement 2 Auflage
264 ## - PRODUCTION, PUBLICATION, DISTRIBUTION, MANUFACTURE, AND COPYRIGHT NOTICE
Place of production, publication, distribution, manufacture Tubingen :
Name of producer, publisher, distributor, manufacturer Narr Dr. Gunter,
Date of production, publication, distribution, manufacture, or copyright notice 2013.
300 ## - PHYSICAL DESCRIPTION
Extent 312 p.;
Other physical details 24 cm.
653 ## - INDEX TERM--UNCONTROLLED
keyword გერმანული ენა
653 ## - INDEX TERM--UNCONTROLLED
keyword ლინგვისტიკა
942 ## - ADDED ENTRY ELEMENTS (KOHA)
Source of classification or shelving scheme
Koha item type წიგნი
ეგზემპლარები
Withdrawn status Lost status Source of classification or shelving scheme Damaged status Not for loan Permanent Location Current Location Shelving location Date acquired Cost, normal purchase price Full call number Barcode Date last seen Copy number Price effective from Koha item type Public note
          ბათუმის შოთა რუსთაველის სახელმწიფო უნივერსიტეტის მთავარი ბიბლიოთეკა ბათუმის შოთა რუსთაველის სახელმწიფო უნივერსიტეტის მთავარი ბიბლიოთეკა წიგნსაცავი 2024-03-29 147.00 81'25 A-31 67741 2024-03-29 67741 2024-03-29 წიგნი 147 ლ.
          ბათუმის შოთა რუსთაველის სახელმწიფო უნივერსიტეტის მთავარი ბიბლიოთეკა ბათუმის შოთა რუსთაველის სახელმწიფო უნივერსიტეტის მთავარი ბიბლიოთეკა წიგნსაცავი 2024-03-29 147.00 81'25 A-31 67742 2024-03-29 67742 2024-03-29 წიგნი 147 ლ.